000 00903nam a22002537a 4500
005 20170124103040.0
010 _aA-649885
020 _c50.00
035 _aA-649885
037 _bCen Lib/Ret
040 _aDPL
_bHN
082 _a
_bइकबा
100 _aइकबाल दीप
_967008
245 _aफिर भी रोशनी /
_cइकबाल दीप
246 _aPhir bhi roshani /
_bby Iqbal Deep
260 _aनयी दिल्ली
_bअनुराग प्रकाशन
_c1993
270 _a1/1073-डी, महरौली
_bनयी दिल्ली
_e110007
300 _a154पृ.
_c21सेमी (सजिल्द)
650 _aहिन्दी साहित्य
_967009
650 _aउपन्यास
_967010
650 _aHindi literature
_967011
650 _aFiction
_98901
942 _2ddc
_cHN
_h
_mइकबा
999 _c116530
_d116530